Soil Mechanics Basic Concepts and Engineering Applications / (Record no. 2023)

000 -LEADER
fixed length control field 00327 a2200109 4500
020 ## - INTERNATIONAL STANDARD BOOK NUMBER
International Standard Book Number 0415383935
082 ## - DEWEY DECIMAL CLASSIFICATION NUMBER
Classification number 624.15136 AYS
100 ## - MAIN ENTRY--PERSONAL NAME
Personal name A. Aysen
245 ## - TITLE STATEMENT
Title Soil Mechanics Basic Concepts and Engineering Applications /
Statement of responsibility, etc. A. Aysen
260 ## - PUBLICATION, DISTRIBUTION, ETC.
Place of publication, distribution, etc. London :
Name of publisher, distributor, etc. Taylor and Francis Group,
Date of publication, distribution, etc. 2006
300 ## - PHYSICAL DESCRIPTION
Extent ix, 457p. :
Other physical details ill. ;
Dimensions 26 cm
650 ## - SUBJECT ADDED ENTRY--TOPICAL TERM
Topical term or geographic name entry element Soil Mecahnics
Holdings
Withdrawn status Lost status Damaged status Not for loan Permanent Location Current Location Shelving location Date acquired Total Checkouts Full call number Barcode Date last seen Price effective from Koha item type
        School of Civil and Environmental Engineering (SCEE) School of Civil and Environmental Engineering (SCEE)       624.15136 AYS NIT-4287 01/05/2017 01/05/2017 Book
© 2023 Central Library, National University of Sciences and Technology. All Rights Reserved.